1484 1939 1589 1688 1590 1705 1664 1584 1711 1496 1996 1922 1445 1566 1155 1061 1972 1664 1292 1751 1715 1349 1267 1770 1717 1743 1143 1808 1710 1125 1745 1504 1188 1277 1521 1363 1484 1614 1645 1728 1651 1072 1135 1382 1255 1710 1695 1717 1382 1363 1021 1138 1438 1256 1137 1443 1455 1582 1397 1434 1472 1652 1358 1049 1363 1644 1138 1890 1535 1659 1129 1460 1618 1174 1005 1667 1753 1644 1689 1852 1105 1436 1277 1821 1471 1485 1582 1185 1987 1215 1969 1468 1202 1833 1805 1942 1178 1154 1703 BCNSPRNW ULIB Ver.6.0+V

เปลี่ยนเป็นภาษาไทย

Change to English
 แสดงรายละเอียดบรรณานุกรม
  กลับหน้าหลัก

Brief Record : Get Marc (ISO 2709) : E-mail record : QR code < ปิดหน้าต่าง
LEADER : 00000nam 2200000uu 4500
001    13399111904
003     ULIB
008    110712s2552||||th 000 0 tha d
024    9786160600663
090    นว.^bR111C 2552
100 0  Rose Quartz
245 00 Champpion s story บุพเพรักกิ๊กกั๊กหัวใจ/cRose Quartz
260    กรุงเทพฯ:^bแจ่มใส,^c2552
300    204 หน้า.
945    ^p149^l0^i026772
995    เกษร
999 ^a ใช้งานได้ทุกระบบ
รายการนี้ยังไม่มีแท็ก
คุณยังไม่ได้ล็อกอิน คุณสามารถมีกิจกรรมร่วมกับเว็บไซต์ได้ แต่ต้องล็อกอินก่อน ::
  ล็อกอิน

รายการสื่อสารสนเทศ

ลำดับที่ ประเภท เลขเรียก/บาร์โค้ด สถานที่ สถานะ
1. นวนิยาย
นวนิยาย
นว. R111C 2552  
  Barcode: 026772
ห้องสมุดวิทยาเขตสวรรค์ประชารักษ์
►นวนิยาย
บนชั้น
  ขอยืม

BibComment


ยังไม่เคยถูกคอมเมนท์

คอมเมนท์ทรัพยากรรายการนี้
  คอมเมนท์: Champpion s story..


 Copyright 2026. Bcnsprnw @Library